000 00457nmm a2200169Ia 4500
008 251105s9999||||xx |||||||||||||||||und||
020 _a849583961X
041 _aspa
100 _aBorau, José Luis
245 0 _aNavidad, horrible Navidad
264 _a[Madrid, España] :
_bOcho y Medio,
_c2003
300 _a189 páginas
490 _aFurtivos
650 _aSpanish narrative
856 _uhttps://public.digitaliapublishing.com/a/384
942 _cCF
999 _c73990
_d73990